header

Hammarskjold (Record no. 12924)

MARC details
000 -LEADER
fixed length control field 01250nam a2200325Ia 4500
100 1# - MAIN ENTRY--AUTHOR NAME
Personal name Lipsey, Roger.
245 10 - TITLE STATEMENT
Title Hammarskjold
260 ## - PUBLICATION, DISTRIBUTION, ETC. (IMPRINT)
Place of publication Ann Arbor, MI :
Name of publisher Univ Of Michigan Press,
Year of publication c2013.
300 ## - PHYSICAL DESCRIPTION
Number of Pages xix, 738 p. :
Other physical details ill., front.
650 #0 - SUBJECT ADDED ENTRY--TOPICAL TERM
Topical Term World politics
Topical Term Statesmen
856 40 - ELECTRONIC LOCATION AND ACCESS
Uniform Resource Identifier http://site.ebrary.com/lib/rucke/Doc?id=10685072

No items available.

© 2026 Rongo University
Contact us: librarian | system librarian | Rongo university